Library Banner

Encyclopaedia of Sciences and religions (Record no. 64049)

MARC details
000 -LEADER
fixed length control field 00444nam a2200169Ia 4500
001 - CONTROL NUMBER
control field 63445
008 - FIXED-LENGTH DATA ELEMENTS--GENERAL INFORMATION
fixed length control field 150108s9999 xx 000 0 und d
020 ## - INTERNATIONAL STANDARD BOOK NUMBER
International Standard Book Number 9788126154951
040 ## - CATALOGING SOURCE
Transcribing agency PK-LaUMT
082 ## - DEWEY DECIMAL CLASSIFICATION NUMBER
Classification number R 215.03
Item number SHA-E
100 ## - MAIN ENTRY--PERSONAL NAME
Personal name Sahu, Jai Prakash
245 ## - TITLE STATEMENT
Title Encyclopaedia of Sciences and religions
Statement of responsibility, etc Sahu, Jai Prakash
260 ## - PUBLICATION, DISTRIBUTION, ETC. (IMPRINT)
Place of publication, distribution, etc New Delhi,India:
Name of publisher, distributor, etc Anmol publications,
Date of publication, distribution, etc 2013
300 ## - PHYSICAL DESCRIPTION
Extent 304 p.
546 ## - LANGUAGE NOTE
Language note EN
942 ## - ADDED ENTRY ELEMENTS (KOHA)
Koha item type Reference
Holdings
Withdrawn status Lost status Damaged status Not for loan Home library Current library Date acquired Total Checkouts Full call number Barcode Date last seen Price effective from Koha item type
        UMT Main Campus UMT Main Campus 2015-01-08   R 215.03 SHA-E 87098 2015-01-08 2015-01-08 Reference